000 00846nab a2200241 u 4500
001 09276
003 HDC
007 cr bn ---aaaaa
008 210201b20132013may||||| |||| 00| 0 may d
040 _aHDC
245 0 _amyNEF bimbing usahawan IT:
_bsusun 12 program tahun ini untuk lahir 3,000 syarikat
_c/ Hafiz Ithnin
260 _aMalaysia:
_bNew Straits Times Press (M) Bhd.,
_c2013
300 _a1 online resource
336 _atext
_2rdacontent
337 _acomputer
_2rdamedia
338 _aonline resource
_2rdacarrier
650 _aEntrepreneurship
_zMalaysia
_91841
700 _aHafiz Ithnin
_97623
856 _zRequest full-text at [email protected]
942 _2lcc
942 _cNEWS
942 _kNWSC 002585
999 _c6599
_d6599